Phân lập và tuyển chọn vi khuẩn đông tụ từ nước thải chăn nuôi heo ở các tỉnh Đồng Bằng Sông Cửu Long : Báo cáo tổng kết đề tài Khoa học Công nghệ cấp trường
Nội dung phân lập và tuyển chọn được dòng vi khuẩn có khả năng đông tụ cao từ nước thải chăn nuôi heo (sau biogas). Xây dựng giản đồ phả hệ các dòng vi khuẩn đông tụ ở ĐBSCL.
Đã lưu trong:
| 主要作者: | |
|---|---|
| 格式: | 图书 |
| 语言: | Undetermined |
| 出版: |
Cần Thơ
Trường Đại học Cần Thơ
2013
|
| 主题: | |
| 标签: |
添加标签
没有标签, 成为第一个标记此记录!
|
| Thư viện lưu trữ: | Trung tâm Học liệu Trường Đại học Cần Thơ |
|---|
| LEADER | 01130nam a2200217Ia 4500 | ||
|---|---|---|---|
| 001 | CTU_204538 | ||
| 008 | 210402s9999 xx 000 0 und d | ||
| 082 | |a 660.63 | ||
| 082 | |b T120 | ||
| 088 | |a TNCS2013-03 | ||
| 100 | |a Hồ, Thanh Tâm | ||
| 245 | 0 | |a Phân lập và tuyển chọn vi khuẩn đông tụ từ nước thải chăn nuôi heo ở các tỉnh Đồng Bằng Sông Cửu Long : | |
| 245 | 0 | |b Báo cáo tổng kết đề tài Khoa học Công nghệ cấp trường | |
| 245 | 0 | |c Hồ Thanh Tâm (chủ nhiệm đề tài) | |
| 260 | |a Cần Thơ | ||
| 260 | |b Trường Đại học Cần Thơ | ||
| 260 | |c 2013 | ||
| 520 | |a Nội dung phân lập và tuyển chọn được dòng vi khuẩn có khả năng đông tụ cao từ nước thải chăn nuôi heo (sau biogas). Xây dựng giản đồ phả hệ các dòng vi khuẩn đông tụ ở ĐBSCL. | ||
| 650 | |a Biochemical engineering,Kỹ thuật sinh học | ||
| 904 | |i Qhieu | ||
| 980 | |a Trung tâm Học liệu Trường Đại học Cần Thơ | ||